000 00467nam a2200181Ia 4500
001 18871
005 20260306171702.0
008 260306s9999||||xx |||||||||||||| ||und||
041 _aESP
082 _a658.5038
_bR68
100 _aRivera Vilas, Luis Miguel
_eAUT
245 0 _aCreación y lanzamiento de nuevos productos en la empresa
260 _c2016
300 _aix, 234 páginas :
_c21 cm.
650 _aGEN
654 _aCAN
942 _cLIB
_dJUS
_fJUS
_2ddc
_n
999 _c18871
_d18871